Obchod v roku 2012: vzostupy, stabilita i pády

Predaju dominovali ceny. Hodnoty tržieb sú rozdielne. Spotrebiteľský sentiment sa zhoršoval. Obchod s potravinami bol inovatívny aj aktívny. Non-food prešiel zmenami.

Uložené v:
Podrobná bibliografia
Hlavný autor: Drahovský, Ľubomír
Médium: Kapitola
Jazyk:Slovak
Predmet:
Tagy: Pridať tag
Žiadne tagy, Buďte prvý, kto otaguje tento záznam!

MARC

LEADER 00000naa a2200000 4500
001 0166153
005 20231010141655.7
041 0 |a slo 
044 |a SK 
245 1 0 |a Obchod v roku 2012: vzostupy, stabilita i pády  |c Ľubomír Drahovský 
520 |a Predaju dominovali ceny. Hodnoty tržieb sú rozdielne. Spotrebiteľský sentiment sa zhoršoval. Obchod s potravinami bol inovatívny aj aktívny. Non-food prešiel zmenami. 
610 2 0 |a obchod 
610 2 0 |a Slovensko 
610 2 0 |a ceny 
610 2 0 |a potraviny 
610 2 0 |a úspory obyvateľstva 
610 2 0 |a správanie spotrebiteľa 
100 1 |a Drahovský, Ľubomír